000 00640nam a22001937a 4500
999 _c170306
_d170306
005 20200103145137.0
010 _aA-645035
020 _c55.00
_a-
035 _aA-645035
037 _bBPPD
082 _a523.1
100 _aمحمو د علی سڈ نی
245 _a فلسفہء سا ينس ا و ر کا ينات
_cمحمو د علی سڈ نی
246 _aFalsafa Science Aur Kaynat (Urdu)
_bby Mehmood Ali Sidney
260 _aN.Delhi
_c1993ء
_bDirector Taraqui Urdu Beoro
270 _aWest Block-1,R.K.Puram,
_bN.Delhi
_k-
_e110066
300 _a296 ص
_c22 cm(hb)
942 _2ddc
_cUR
_h523.1
_mم ح م